000
00251nam a2200097Ia 4500
001
805258
005
20250826171149.0
008
250824s9999 xx 000 0 und d
245
0
_a
MELEKLER VE ŞEYTANLAR
_c
DAN BROWN
260
_b
ALTIN KİTAPLAR YAYINEVİ
999
_c
805258
_d
805258